000
00311nam a2200133Ia 4500
005
20260328104309.0
008
260328s9999||||xx |||||||||||||| ||und||
100
_a
Compton, Nic
245
0
_a
Ultimate Classic Yachts /
_c
Nic Compton
260
_b
Bloomsbury
300
_a
160 p.
650
_a
MAR
942
_c
BK
999
_c
10876
_d
10876